000 01185nam a2200265 a 4500
001 84465
003 BD-RjUL
005 20241205170110.0
008 241205s2023 bg a|||| m||| 00| 0 eng d
035 _a(BD-RjUL)84465
040 _aBD-RjULBD-RjUL
_beng
_cBD-RjUL
_dBD-RjUL
041 _aeng
082 _223
_a636.2095492
_bMOE 2023
100 _aMoni, Mst. Ishrat Zerin
_914586
245 1 0 _aEpidemiplogical investigation and molecular characterization of theileria species in cattle of Bangladesh /
_cBy Mst. Ishrat Zerin Moni ;
_6Principal Supervisor : Moizur, Rahman, Co-Supervisor : Shah Md. Abdur Rauf, & Lovely, Nahar
260 _aRajshahi :
_bDepartment of Veterinary and Animal Sciences, University of Rajshahi,
_c2023
300 _axiii, 85 leaves :
_bill, ;
_c29.cm.
502 _aThesis (M. Phil.) -- Department of Veterinary and Animal Sciences, University of Rajshahi, 2023
504 _aReferences : Leaves 66 - 85
650 _aCattle
_vTheileria species
_zBangladesh
_914587
700 _aRahman, Moizur, Principal Supervisor
_99982
700 _aRauf, Shah Md. Abdur, Co-Supervisor
_99983
700 _aNahar, Lovely, Co-Supervisor
_914230
942 _2ddc
_cTHE
999 _c84465
_d84465